2024 Battleground States - Statistics

General Stats
  • This quiz has been taken 15 times
  • The average score is 6 of 7
Answer Stats
Estimates Actual Answer % Correct
2% Trump Lead Trump Won Georgia
100%
2% Harris Lead Trump Won Wisconsin
100%
2% Trump Lead Trump Won Arizona
93%
Tied Trump Won Nevada
93%
Tied Trump Won Pennsylvania
93%
2% Harris Lead Trump Won Michigan
86%
2% Trump Lead Trump Won North Carolina
79%
No matching quizzes found
Score Distribution
Percent of People with Each Score
Percentile by Number Answered
Your Score History
You have not taken this quiz